| 000 | 006220000a22002170004500 | ||
|---|---|---|---|
| 003 | LK-CoMWRAF | ||
| 005 | 20231030100703.0 | ||
| 008 | 230817t1994 ||||| |||| 00| 0 eng d | ||
| 020 | _a0195082623 | ||
| 040 |
_aLK-CoMWRAF _dLK-CoMWRAF _eLK-CoMWRAF |
||
| 041 | _aeng | ||
| 082 |
_a200.82 _bFUN |
||
| 245 | _aFundamentalism and gender | ||
| 260 |
_aNew York: _bOxford University press, _c1994 |
||
| 300 |
_avi, 220 p. ; 25 cm. _bBibliography and index included |
||
| 650 | _aWOMEN AND RELIGION | ||
| 650 | _aReligious fundamentalism | ||
| 650 | _aFundamentalism | ||
| 700 |
_aHawley, John Stratton _eed. |
||
| 942 | _cBK | ||
| 999 |
_c1869 _d1869 |
||